[Event "CUB Province-chT Schools 54th"]
[Site "Santa Clara"]
[Date "2018.07.16"]
[Round "7.3"]
[White "Trastoy Cardenas, Nestor Leonel"]
[Black "Torres Valiente, Brayan"]
[Result "1-0"]
[WhiteElo "1721"]
[BlackElo "1866"]
[PlyCount "63"]
[EventDate "2018.07.13"]
[EventType "team-swiss"]
[EventRounds "9"]
[EventCountry "CUB"]
[SourceTitle "CBM 195 Extra"]
[Source "ChessBase"]
[SourceDate "2020.05.31"]
[SourceVersion "1"]
[SourceVersionDate "2020.05.31"]
[SourceQuality "1"]
[WhiteTeam "Matanzas"]
[BlackTeam "Santiago de Cuba"]
[WhiteTeamCountry "CUB"]
[BlackTeamCountry "CUB"]

1. e4 c5 2. Nf3 g6 3. d4 Bg7 4. dxc5 Qa5+ 5. c3 Qxc5 6. Be3 Qa5 7. Bc4 Nf6 8. Nbd2 0-0 9. h3 b5 10. Nb3 Qa4 11. Bd5 Nc6 12. Bxc6 dxc6 13. Nc5 Qa5 14. 0-0 Rd8 15. Qb3 Nd7 16. Ng5 Ne5 17. Bd4 Nc4 18. Bxg7 Kxg7 19. Kh1 h6 20. Nf3 Nd2 21. Nxd2 Rxd2 22. c4 Rd8 23. f4 Qb6 24. Qc3+ Kg8 25. cxb5 cxb5 26. f5 g5 27. e5 b4 28. Qf3 Ba6 29. Nxa6 Qxa6 30. Qh5 Qd3 31. Qxh6 Qg3 32. f6 1-0

[Event "CUB Province-chT Schools 54th"]
[Site "Santa Clara"]
[Date "2018.07.13"]
[Round "2.4"]
[White "Trastoy Cardenas, Nestor Leonel"]
[Black "Gomez Almeida, Frank Luis"]
[Result "1-0"]
[WhiteElo "1721"]
[BlackElo "1880"]
[PlyCount "107"]
[EventDate "2018.07.13"]
[EventType "team-swiss"]
[EventRounds "9"]
[EventCountry "CUB"]
[SourceTitle "CBM 195 Extra"]
[Source "ChessBase"]
[SourceDate "2020.05.31"]
[SourceVersion "1"]
[SourceVersionDate "2020.05.31"]
[SourceQuality "1"]
[WhiteTeam "Matanzas"]
[BlackTeam "Mayabeque"]
[WhiteTeamCountry "CUB"]
[BlackTeamCountry "CUB"]

1. e4 c5 2. Nf3 d6 3. d4 cxd4 4. Nxd4 Nf6 5. Nc3 a6 6. Be2 e6 7. f4 Nbd7 8. 0-0 Qc7 9. Bf3 Be7 10. Kh1 h5 11. Re1 Ng4 12. Bxg4 hxg4 13. Qxg4 Bf6 14. Be3 b5 15. a3 Nb6 16. Nde2 Nc4 17. Bc1 Bb7 18. b3 Nb6 19. Bb2 Rc8 20. Rad1 Qc5 21. Qf3 d5 22. e5 Bh4 23. Rf1 Qc7 24. Nd4 g6 25. Qe3 Be7 26. Qg3 Nd7 27. Rd2 b4 28. axb4 Bxb4 29. Nxe6 fxe6 30. Qxg6+ Kd8 31. Qg7 Re8 32. Qg5+ Be7 33. Qh6 Qb6 34. f5 exf5 35. e6 Nf6 36. Rfd1 Kc7 37. Re2 Qd6 38. Nxd5+ Kc6 39. Nxe7+ Qxe7 40. Bxf6 Qc5 41. c3 Rc7 42. Bd4 Qd6 43. Rde1 Rce7 44. Re5 Bc8 45. Bc5 Qxc5 46. Rxc5+ Kxc5 47. Qe3+ Kc6 48. Qf3+ Kc7 49. Qxf5 Bxe6 50. Qc5+ Kb7 51. Qb4+ Ka7 52. h3 Ka8 53. Kh2 Ka7 54. Ra1 1-0

[Event "Camaguey 504 Anniv Escolar"]
[Site "Camaguey"]
[Date "2018.??.??"]
[Round "6.2"]
[White "Cabrera Gonzalez, Maximo Ariel"]
[Black "Trastoy Cardenas, Nestor Leonel"]
[Result "1/2-1/2"]
[WhiteElo "1919"]
[BlackElo "1723"]
[PlyCount "101"]
[EventDate "2018.02.01"]
[EventType "team-tourn"]
[EventRounds "7"]
[EventCountry "CUB"]
[SourceTitle "EXT 2021"]
[Source "ChessBase"]
[SourceDate "2020.10.23"]
[SourceVersion "1"]
[SourceVersionDate "2020.10.23"]
[SourceQuality "1"]

1. e4 c5 2. Nf3 Nc6 3. d4 cxd4 4. Nxd4 g6 5. Nc3 Bg7 6. Be3 Nf6 7. Bc4 Qa5 8. Nb3 Qb4 9. Nd2 Qxb2 10. Nb5 Qe5 11. f4 Qb8 12. 0-0 a6 13. e5 axb5 14. exf6 Bxf6 15. Bxb5 d5 16. Rb1 Qc7 17. Nf3 0-0 18. Qxd5 Be6 19. Qc5 Bxa2 20. Rbd1 Rfc8 21. Ng5 Na5 22. Qxc7 Rxc7 23. Ne4 Rxc2 24. Nxf6+ exf6 25. Bd3 Rc3 26. Bd4 Rxd3 27. Rxd3 Bc4 28. Ra3 Bxf1 29. Bb6 Bb5 30. Rxa5 Rxa5 31. Bxa5 Kf8 32. Bc3 Ke7 33. Kf2 Ke6 34. Ke3 Kf5 35. Bb2 h5 36. g3 g5 37. h4 Ke6 38. Bc1 gxh4 39. gxh4 Kf5 40. Bb2 Bc6 41. Bd4 b5 42. Bc3 Bb7 43. Bd4 b4 44. Bb2 b3 45. Bd4 Kg4 46. Bxf6 b2 47. Bxb2 Kxh4 48. f5 Kg3 49. Be5+ Kg4 50. f6 h4 51. Kf2 1/2-1/2

[Event "Camaguey 503 op"]
[Site "Camaguey"]
[Date "2017.02.02"]
[Round "3.4"]
[White "Trastoy Cardenas, Nestor Leonel"]
[Black "Torres Acosta, Luis Daniel"]
[Result "0-1"]
[WhiteElo "1835"]
[BlackElo "2023"]
[PlyCount "38"]
[EventDate "2017.02.01"]
[EventType "swiss"]
[EventRounds "9"]
[EventCountry "CUB"]
[SourceTitle "EXT 2023"]
[Source "ChessBase"]
[SourceDate "2022.10.05"]
[SourceVersion "1"]
[SourceVersionDate "2022.10.05"]
[SourceQuality "1"]

1. e4 c5 2. Nf3 g6 3. d4 cxd4 4. Qxd4 Nf6 5. Bc4 Nc6 6. Qc3 Bg7 7. e5 Ng4 8. Bf4 d5 9. Bb5 Qb6 10. Bxc6+ bxc6 11. Bg3 Ba6 12. Nbd2 c5 13. 0-0-0 d4 14. Qb3 Qc6 15. Rhe1 0-0 16. e6 c4 17. Qa3 c3 18. bxc3 d3 19. h3 Bxc3 0-1